000 00840nam a2200241Ia 4500
003 GCL
008 140319s9999 xx 000 0 ara d
020 _a2547100977
040 _aGCL /
_cGCL
082 0 4 _a658
_bس ف
100 1 _aسعيد يس عامر
245 1 0 _aالفكر المعاصر فى التنظيم والادارة /
_cسعيد يس عامر
700 1 _aعلى محمد عبدالوهاب
260 _aالقاهرة :
_bمركز وايد سيرفيس للاستشارات والتطوير ،
_c1994
300 _a528 ص ؛
_c24 سم
650 0 4 _aالادارة والتنظيم
650 0 4 _aادارة الافراد
650 0 4 _aاتخاذ القرارات
650 0 4 _aالسلوك التنظيمى
650 0 4 _aادارة التغيير
650 0 4 _aالفكر الادارى
942 _2ddc
_cBK
999 _c43131
_d43131